| 000 | 01423nam a2200313 a 4500 | ||
|---|---|---|---|
| 001 | BRCA_3258 | ||
| 005 | 20190320204206.0 | ||
| 008 | 120309s1822----enka---###---#000-0#eng-# | ||
| 041 | _aeng | ||
| 044 | _aenk | ||
| 084 |
_a559 _b.R63 _c1822 |
||
| 100 | 1 |
_aCervantes Saavedra, Miguel de _d1547-1616 _9213 |
|
| 245 | 1 | 0 |
_aThe History of the Ingenious Gentleman Don Quixote of La Mancha _cTrnaslated from the Spanish by Motteux. |
| 260 |
_aEdinburgo _bHurst Robinson and Co. _c1822 |
||
| 300 |
_a5 v. _bil. a color _c19 cm. |
||
| 500 | _aContenido : v.1. Primera parte. Vida de Cervantes. Prólogo. Notas. -- v.2. Texto. Notas. -- v.3. Texto. Prólogo de Cervantes. Notas. -- v.4. Segunda parte. Texto. Notas. -- v.5. Texto. Notas | ||
| 500 | _aEdidión : A new Edition with Copious Notes and an Essay on the Life and Writings of Cervantes | ||
| 500 | _aEjemplar igual al anterior [558]. Piel; planos orlados, lomos decorados con dorados Lúdovik Osterc | ||
| 500 | _aQM445 | ||
| 546 | _aTexto en : inglés | ||
| 650 | 1 | 4 |
_aNovela española _yÉpoca clásica, 1500-1700 _9215 |
| 650 | 1 | 4 |
_aLiteratura española _yÉpoca clásica, 1500-1700 _9216 |
| 650 | 1 | 4 |
_aNovela española _ySiglo XVII _9217 |
| 650 | 1 | 4 |
_aDon Quijote (Personaje ficticio) _eNovela _9218 |
| 700 | 1 |
_aMotteux, Peter Anthony _d1663-1718 _eTraductor _98670 |
|
| 740 | 0 | _aEl Ingenioso Hidalgo Don Quijote de la Mancha | |
| 902 | _aQFM | ||
| 942 |
_2lcc _cB |
||
| 999 |
_c2994 _d2994 |
||